Statistics for Greatest people in history

Click here to take the quiz!

General Stats

  • This quiz has been taken 59 times
  • The average score is 14 of 16

Answer Stats

RankCluePerson% Correct
13First man on the moon.Neil Armstrong
98%
2Famous scientist. Developed the theory of relativity.Albert Einstein
98%
1Central figure and awaited prophet for Christians.Jesus Christ
96%
4Civil rights activist who 'had a dream'.Martin Luther King Jr
94%
5Inspirational prime minister during WWII.Winston Churchill
93%
8English playwright famous for tragedies and comedies.William Shakespeare
93%
3Physicist who discovered gravity.Isaac Newton
91%
9Artist and inventor who painted the Mona Lisa.Leonardo Da Vinci
91%
12German composer and pianist.Ludwig van Beethoven
91%
14American president who was assassinated at a play.Abraham Lincoln
91%
10Italian astronomer who was a heretic.Galileo Galilei
87%
15Leader in the fight for Indian independence.Mahatma Gandhi
85%
16African civil rights activist.Nelson Mandela
83%
7Arabic messenger prophet.Muhammed
74%
6Scientist who developed penicillin.Alexander Fleming
67%
12Heroic nurse who helped in the Crimean war.Florence Nightingale
67%

Score Distribution

Percentile by Number Answered

Percent of People with Each Score

Your Score History

You have not taken this quiz